Price Efficiency, Bubbles, Crashes and Crash Risk: Evidence from Chinese Stock Market
Riziko pádu ceny akcií a finančné bubliny. Transparentnosť informácií vo firmách. Predvídateľnosť návratnosti cien akcií s informačnou asymetriou. Vplyv hromadenia zlých správ na efektívnosť cien. Predpovedanie finančných bublín a pádov.
Salvato in:
| Autore principale: | |
|---|---|
| Natura: | Capitolo di libro |
| Lingua: | inglese |
| Soggetti: | |
| Tags: |
Nessun Tag, puoi essere il primo ad aggiungerne!!
|
MARC
| LEADER | 00000naa a2200000 4500 | ||
|---|---|---|---|
| 001 | 0287827 | ||
| 005 | 20221021112640.3 | ||
| 041 | 0 | |a eng | |
| 044 | |a CZ | ||
| 245 | 1 | 0 | |a Price Efficiency, Bubbles, Crashes and Crash Risk: Evidence from Chinese Stock Market |c Muhammad Usman |
| 520 | |a Riziko pádu ceny akcií a finančné bubliny. Transparentnosť informácií vo firmách. Predvídateľnosť návratnosti cien akcií s informačnou asymetriou. Vplyv hromadenia zlých správ na efektívnosť cien. Predpovedanie finančných bublín a pádov. | ||
| 610 | 2 | 0 | |a efektívnosť |
| 610 | 2 | 0 | |a ceny |
| 610 | 2 | 0 | |a akcie |
| 610 | 2 | 0 | |a bubliny finančné |
| 610 | 2 | 0 | |a riziko |
| 610 | 2 | 0 | |a trh akciový |
| 610 | 2 | 0 | |a informácie asymetrické |
| 610 | 2 | 0 | |a Čína |
| 100 | 1 | |a Usman, Muhammad | |